| 000 | 00383cam a2200145ua 4500 | ||
|---|---|---|---|
| 020 | _a8120404181 | ||
| 082 |
_a660.6 _bCHA/BI |
||
| 100 | _aChakraverty, Amalendu | ||
| 245 | _aBiotechnology and other alternative technologies / | ||
| 250 | _a1 / | ||
| 260 |
_aNew Delhi : _bOxford & IBH Publishing company , _c1989. |
||
| 300 | _a248 ; . | ||
| 500 | _a18465 Scheme | ||
| 942 | _cBK | ||
| 999 |
_c1354 _d1354 |
||